[Event "Staufer op 34th"]
[Site "Schwaebisch Gmuend"]
[Date "2024.01.03"]
[Round "3"]
[White "Meyer, Roland"]
[Black "Unzicker, Ferdinand"]
[Result "1/2-1/2"]
[WhiteElo "2094"]
[BlackElo "2292"]
[PlyCount "76"]
[EventDate "2024.01.02"]
[EventType "swiss"]
[EventRounds "9"]
[EventCountry "GER"]
[SourceTitle "CB02_2024"]
[SourceDate "2024.01.10"]
[SourceVersion "1"]
[SourceVersionDate "2024.01.10"]
[SourceQuality "1"]

1. c3 Nf6 2. Qa4 c6 3. d4 d5 4. Bf4 Bf5 5. Nd2 e6 6. Ngf3 Bd6 7. Ne5 Qc7 8. f3 b5 9. Qd1 h6 10. e3 Nh5 11. g4 Nxf4 12. exf4 Bh7 13. Qe2 Nd7 14. Nb3 0-0 15. h4 Rad8 16. g5 h5 17. Bh3 Bf5 18. Bxf5 exf5 19. Rg1 Rfe8 20. 0-0-0 Nf8 21. Qd3 g6 22. Kb1 Ne6 23. Qd2 c5 24. Rge1 c4 25. Nc1 a5 26. Ne2 Bf8 27. Ka1 Rd6 28. Ng3 Ng7 29. Re2 Rb8 30. Qc2 b4 31. Qa4 Rb7 32. Rde1 bxc3 33. bxc3 Rdb6 34. Nf1 Rb5 35. Ne3 Qb6 36. Qc2 Ba3 37. N3xc4 dxc4 38. Nxc4 Qc7 1/2-1/2

[Event "Bad Woerishofen op 33rd"]
[Site "Bad Woerishofen"]
[Date "2017.03.12"]
[Round "3"]
[White "Pirrot, Dieter"]
[Black "Meyer, Roland"]
[Result "1-0"]
[WhiteElo "2357"]
[BlackElo "2193"]
[PlyCount "61"]
[EventDate "2017.03.10"]
[EventType "swiss"]
[EventRounds "9"]
[EventCountry "GER"]
[SourceTitle "EXT 2018"]
[Source "ChessBase"]
[SourceDate "2017.10.13"]
[SourceVersion "1"]
[SourceVersionDate "2017.10.13"]
[SourceQuality "1"]

1. d4 Nf6 2. c4 g6 3. Nc3 Bg7 4. e4 d6 5. Be2 0-0 6. Be3 Nc6 7. f3 e5 8. d5 Nd4 9. Bd3 Nh5 10. Nge2 Qh4+ 11. Kd2 a6 12. Qg1 c5 13. dxc6 bxc6 14. Rf1 Be6 15. g3 Qd8 16. Nxd4 exd4 17. Bxd4 d5 18. exd5 cxd5 19. c5 Rb8 20. Kc2 Qa5 21. a3 Rfc8 22. Ra1 Rxc5 23. Bxg7 Nxg7 24. b4 Qa4+ 25. Kd2 Rxc3 26. Kxc3 Rc8+ 27. Kd2 Qb3 28. Rc1 Qb2+ 29. Rc2 Rxc2+ 30. Bxc2 d4 31. Qa1 1-0

[Event "Mecklenburg VP LL2 West 1213"]
[Site "Mecklenburg VP"]
[Date "2012.12.09"]
[Round "4.8"]
[White "Rabinowitsch, Juri"]
[Black "Meyer, Roland"]
[Result "1-0"]
[WhiteElo "1843"]
[BlackElo "1421"]
[PlyCount "75"]
[EventDate "2012.10.14"]
[EventType "team-tourn"]
[EventRounds "9"]
[EventCountry "GER"]
[SourceTitle "EXT 2022"]
[Source "ChessBase"]
[SourceDate "2021.10.06"]
[SourceVersion "1"]
[SourceVersionDate "2021.10.06"]
[SourceQuality "1"]
[WhiteTeam "Schwerin SF IV"]
[BlackTeam "Gadebusch"]
[WhiteTeamCountry "GER"]
[BlackTeamCountry "GER"]

1. e4 d5 2. exd5 Qxd5 3. Nc3 Qa5 4. d4 c6 5. Bd2 Qc7 6. Nf3 Bg4 7. Bc4 Nf6 8. 0-0 e6 9. Re1 Be7 10. h3 Bh5 11. Qe2 0-0 12. g4 Bg6 13. Bxe6 fxe6 14. Qxe6+ Kh8 15. Qxe7 Qxe7 16. Rxe7 Nbd7 17. Ne5 Rad8 18. Nxg6+ hxg6 19. Rae1 Kg8 20. Kg2 Rf7 21. Bf4 Nb6 22. Rxf7 Kxf7 23. Be5 Re8 24. Re3 Nc4 25. Re1 Nxb2 26. Rb1 Nc4 27. Rxb7+ Re7 28. Rxe7+ Kxe7 29. Bxf6+ gxf6 30. Ne2 Na3 31. c3 Nb1 32. h4 Nd2 33. f3 Kf7 34. Kf2 Nc4 35. Nc1 Nb2 36. Ke2 a5 37. Nb3 a4 38. Na5 1-0

[Event "Wuerttemberg-chA"]
[Site "Balingen"]
[Date "2006.09.03"]
[Round "9"]
[White "Meyer, Roland"]
[Black "Kabisch, Thilo"]
[Result "0-1"]
[WhiteElo "2195"]
[BlackElo "2316"]
[PlyCount "82"]
[EventDate "2006.08.26"]
[EventType "swiss"]
[EventRounds "9"]
[EventCountry "GER"]
[SourceTitle "EXT 2007"]
[Source "ChessBase"]
[SourceDate "2006.11.23"]
[SourceVersion "1"]
[SourceVersionDate "2006.11.23"]
[SourceQuality "1"]

1. d4 Nf6 2. c4 g6 3. Nc3 Bg7 4. e4 d6 5. h3 0-0 6. Be3 e5 7. d5 c6 8. g4 a6 9. Nge2 cxd5 10. cxd5 b5 11. Ng3 Nbd7 12. g5 Ne8 13. h4 f5 14. gxf6 Ndxf6 15. Be2 h5 16. Qd2 Ng4 17. Bxg4 Bxg4 18. Nce2 Bf3 19. 0-0-0 Nf6 20. Qd3 Bxh1 21. Nxh1 Ng4 22. Bg5 Bf6 23. f4 Bxg5 24. hxg5 exf4 25. Nd4 Qxg5 26. Ne6 Qe5 27. Rg1 Rac8+ 28. Kb1 Rf6 29. Qf3 Rc4 30. Re1 Nh2 31. Qd3 f3 32. Qd2 Rxe4 33. Rc1 Rc4 34. b3 Qe4+ 35. Ka1 Qe5+ 36. Kb1 Qf5+ 37. Kb2 Rxc1 38. Qxc1 f2 39. Ng3 Qe5+ 40. Ka3 b4+ 41. Ka4 Rxe6 0-1

[Event "Wuerttemberg-chA"]
[Site "Balingen"]
[Date "2006.09.02"]
[Round "8"]
[White "Heinl, Thomas"]
[Black "Meyer, Roland"]
[Result "1-0"]
[WhiteElo "2215"]
[BlackElo "2195"]
[PlyCount "77"]
[EventDate "2006.08.26"]
[EventType "swiss"]
[EventRounds "9"]
[EventCountry "GER"]
[SourceTitle "EXT 2007"]
[Source "ChessBase"]
[SourceDate "2006.11.23"]
[SourceVersion "1"]
[SourceVersionDate "2006.11.23"]
[SourceQuality "1"]

1. e4 c5 2. Nf3 d6 3. d4 cxd4 4. Nxd4 Nf6 5. Nc3 g6 6. f4 Nc6 7. Nxc6 bxc6 8. e5 dxe5 9. Qxd8+ Kxd8 10. fxe5 Nd5 11. Nxd5 cxd5 12. Bg5 Be6 13. 0-0-0 Kc7 14. Be2 h6 15. Bf4 Bg7 16. Bf3 Rad8 17. Rd4 Rd7 18. Rhd1 Rhd8 19. R1d3 Kc8 20. Ra3 Rc7 21. Ra5 g5 22. Bg3 Bf5 23. c4 e6 24. c5 Bf8 25. b4 Kb7 26. Kd2 Rc6 27. Be2 a6 28. Bh5 Bg7 29. Bxf7 Rf8 30. Bh5 Be4 31. Ke3 Bxg2 32. Rd2 Be4 33. Rf2 Rxf2 34. Kxf2 Rc8 35. Be2 Ra8 36. Ke3 Bf5 37. b5 axb5 38. c6+ Kb8 39. c7+ 1-0

[Event "Wuerttemberg-chA"]
[Site "Balingen"]
[Date "2006.08.30"]
[Round "5"]
[White "Hirneise, Tobias"]
[Black "Meyer, Roland"]
[Result "1-0"]
[WhiteElo "2214"]
[BlackElo "2195"]
[PlyCount "75"]
[EventDate "2006.08.26"]
[EventType "swiss"]
[EventRounds "9"]
[EventCountry "GER"]
[SourceTitle "EXT 2007"]
[Source "ChessBase"]
[SourceDate "2006.11.23"]
[SourceVersion "1"]
[SourceVersionDate "2006.11.23"]
[SourceQuality "1"]

1. e4 g6 2. d4 Bg7 3. Nc3 d6 4. g3 Nd7 5. Bg2 Ngf6 6. Nge2 0-0 7. h3 c5 8. 0-0 Rb8 9. a4 b6 10. Be3 a6 11. f4 cxd4 12. Bxd4 e5 13. Be3 Qc7 14. f5 Bb7 15. g4 gxf5 16. Rxf5 Nc5 17. Ng3 Rfe8 18. Qf3 Nfxe4 19. Ngxe4 Nxe4 20. Nxe4 d5 21. Rg5 Re6 22. Nf6+ Kh8 23. Rxg7 Kxg7 24. Nh5+ Kf8 25. Qf5 d4 26. Bd2 a5 27. Qxh7 Bxg2 28. Bg5 Ke8 29. Ng7+ Kd7 30. Nxe6 Kxe6 31. Qf5+ Kd5 32. Kxg2 b5 33. Re1 bxa4 34. Bf6 Re8 35. Qe4+ Kc4 36. Bxe5 Qc5 37. Qd3+ Kd5 38. Bxd4 1-0

[Event "Wuerttemberg-chA"]
[Site "Balingen"]
[Date "2006.08.26"]
[Round "1"]
[White "Reuss, Andreas"]
[Black "Meyer, Roland"]
[Result "1/2-1/2"]
[WhiteElo "2352"]
[BlackElo "2195"]
[PlyCount "86"]
[EventDate "2006.08.26"]
[EventType "swiss"]
[EventRounds "9"]
[EventCountry "GER"]
[SourceTitle "EXT 2007"]
[Source "ChessBase"]
[SourceDate "2006.11.23"]
[SourceVersion "1"]
[SourceVersionDate "2006.11.23"]
[SourceQuality "1"]

1. c4 c6 2. d4 d5 3. Nf3 Nf6 4. cxd5 cxd5 5. Nc3 Nc6 6. Bf4 e6 7. e3 Bd6 8. Bb5 Bxf4 9. exf4 0-0 10. 0-0 Ne7 11. Rc1 Bd7 12. Bd3 Qb6 13. Na4 Bxa4 14. Qxa4 Rfc8 15. b4 Rc7 16. Rc5 Qd6 17. Ne5 Ne4 18. Bxe4 dxe4 19. Rfc1 Nd5 20. a3 f6 21. Rxc7 Nxc7 22. Nc4 Qxf4 23. Qc2 Nd5 24. g3 Qg5 25. h4 Qg4 26. Nd6 g5 27. Qxe4 Qxe4 28. Nxe4 gxh4 29. Nc5 Rc8 30. Re1 hxg3 31. Rxe6 b6 32. Nd3 Rc3 33. Rd6 Rxd3 34. Rxd5 gxf2+ 35. Kxf2 Rxa3 36. Rd7 a5 37. Rd6 Rb3 38. bxa5 bxa5 39. Rxf6 a4 40. Ra6 a3 41. Ra7 Rd3 42. d5 Rxd5 43. Rxa3 Kg7 1/2-1/2

[Event "Stuttgart-chA int"]
[Site "Ditzingen"]
[Date "2006.05.25"]
[Round "2"]
[White "Meyer, Roland"]
[Black "Boyarchenko, Alex"]
[Result "1-0"]
[WhiteElo "2198"]
[BlackElo "1795"]
[PlyCount "77"]
[EventDate "2006.05.25"]
[EventType "swiss"]
[EventRounds "7"]
[EventCountry "GER"]
[SourceTitle "EXT 2018"]
[Source "ChessBase"]
[SourceDate "2017.10.13"]
[SourceVersion "1"]
[SourceVersionDate "2017.10.13"]
[SourceQuality "1"]

1. Nc3 Nf6 2. e4 e5 3. f4 exf4 4. Nf3 d6 5. d4 Nh5 6. Bc4 Be6 7. d5 Bg4 8. 0-0 Nd7 9. Bb5 Qe7 10. h3 Bxf3 11. Qxf3 Ng3 12. Re1 g5 13. e5 0-0-0 14. Bxd7+ Rxd7 15. e6 Rd8 16. Qf2 b6 17. a4 Bg7 18. a5 Kb7 19. Ne4 Nf5 20. Qf1 Ra8 21. a6+ Kc8 22. Ra4 Re8 23. exf7 Qxf7 24. Nxg5 Rxe1 25. Qxe1 Qg6 26. Rxf4 Be5 27. Rf3 Kd7 28. Qf1 Rf8 29. Qb5+ Ke7 30. Qc4 Rc8 31. g4 Nh6 32. Nxh7 Nf7 33. g5 Qxh7 34. Qg4 Rf8 35. Qe6+ Kd8 36. g6 Qg7 37. Kh1 Bxb2 38. Rxf7 Rxf7 39. gxf7 1-0

[Event "Stuttgart-chA int"]
[Site "Ditzingen"]
[Date "2006.05.25"]
[Round "1"]
[White "Ruehl, Volker"]
[Black "Meyer, Roland"]
[Result "0-1"]
[WhiteElo "1949"]
[BlackElo "2198"]
[PlyCount "66"]
[EventDate "2006.05.25"]
[EventType "swiss"]
[EventRounds "7"]
[EventCountry "GER"]
[SourceTitle "EXT 2018"]
[Source "ChessBase"]
[SourceDate "2017.10.13"]
[SourceVersion "1"]
[SourceVersionDate "2017.10.13"]
[SourceQuality "1"]

1. e4 c5 2. b4 cxb4 3. c4 e5 4. Nf3 Nc6 5. a3 Nf6 6. Bd3 Bc5 7. axb4 Nxb4 8. Qb3 Qb6 9. Ba3 Bxf2+ 10. Ke2 Nc6 11. Qxb6 Bxb6 12. c5 Bd8 13. Bb2 0-0 14. Na3 b6 15. cxb6 Bxb6 16. Nxe5 Nd4+ 17. Ke1 Nb3 18. Ra2 Re8 19. Bc4 Nc1 20. Bxf7+ Kf8 21. Bxe8 Nxa2 22. Bf7 Nb4 23. Bc4 Bb7 24. Rf1 Ke7 25. d3 Rc8 26. g4 d6 27. Nf3 Nxg4 28. Ng5 Nf6 29. Nxh7 d5 30. Nxf6 dxc4 31. Nxc4 Nxd3+ 32. Kd2 Nxb2 33. Nxb2 gxf6 0-1

[Event "Baden Wuerttemberg-chB"]
[Site "Illertissen"]
[Date "2005.09.02"]
[Round "7"]
[White "Sand, Rolf"]
[Black "Meyer, Roland"]
[Result "1/2-1/2"]
[WhiteElo "2098"]
[BlackElo "2196"]
[PlyCount "37"]
[EventDate "2005.08.27"]
[EventType "swiss"]
[EventRounds "9"]
[EventCountry "GER"]
[SourceTitle "CBM 108 Extra"]
[Source "ChessBase"]
[SourceDate "2005.11.04"]
[SourceVersion "1"]
[SourceVersionDate "2005.11.04"]
[SourceQuality "1"]

1. e4 d5 2. exd5 Qxd5 3. Nc3 Qa5 4. d4 c6 5. Nf3 Nf6 6. Bc4 Bf5 7. Bd2 e6 8. Nd5 Qd8 9. Nxf6+ Qxf6 10. Qe2 Qd8 11. 0-0-0 Be7 12. Ne5 b5 13. g4 Bg6 14. Bb3 a5 15. Nxg6 hxg6 16. c3 a4 17. Bc2 b4 18. cxb4 a3 19. Bc3 1/2-1/2

[Event "Baden Wuerttemberg-chB"]
[Site "Illertissen"]
[Date "2005.09.01"]
[Round "6"]
[White "Meyer, Roland"]
[Black "Rothfuss, Oliver"]
[Result "1-0"]
[WhiteElo "2196"]
[BlackElo "2137"]
[PlyCount "59"]
[EventDate "2005.08.27"]
[EventType "swiss"]
[EventRounds "9"]
[EventCountry "GER"]
[SourceTitle "CBM 108 Extra"]
[Source "ChessBase"]
[SourceDate "2005.11.04"]
[SourceVersion "1"]
[SourceVersionDate "2005.11.04"]
[SourceQuality "1"]

1. d4 Nf6 2. Nf3 e6 3. Nbd2 d5 4. e3 b6 5. c3 Bb7 6. Ne5 Bd6 7. f4 Nbd7 8. Qf3 Ne4 9. Bb5 Bxe5 10. fxe5 f5 11. Nxe4 dxe4 12. Qh5+ g6 13. Qe2 Qe7 14. a4 0-0 15. 0-0 c5 16. b3 Rfd8 17. Ba3 Rac8 18. Rac1 Nb8 19. Rfd1 Bd5 20. dxc5 bxc5 21. Bc4 Nc6 22. Ba6 Nxe5 23. Bxc8 Rxc8 24. Qa6 Qc7 25. c4 Bc6 26. Bxc5 Nd3 27. Qxa7 Nxc1 28. Qxc7 Ne2+ 29. Kf2 Rxc7 30. Kxe2 1-0

[Event "Baden Wuerttemberg-chB"]
[Site "Illertissen"]
[Date "2005.08.28"]
[Round "2"]
[White "Bauer, Dieter"]
[Black "Meyer, Roland"]
[Result "0-1"]
[WhiteElo "1908"]
[BlackElo "2196"]
[PlyCount "102"]
[EventDate "2005.08.27"]
[EventType "swiss"]
[EventRounds "9"]
[EventCountry "GER"]
[SourceTitle "CBM 108 Extra"]
[Source "ChessBase"]
[SourceDate "2005.11.04"]
[SourceVersion "1"]
[SourceVersionDate "2005.11.04"]
[SourceQuality "1"]

1. g3 d5 2. Nf3 c6 3. Bg2 Nd7 4. d3 e5 5. e4 dxe4 6. dxe4 Ngf6 7. Nbd2 Be7 8. c3 Qc7 9. Qc2 b6 10. Nc4 Ba6 11. b3 Bxc4 12. bxc4 Nc5 13. 0-0 0-0 14. Ba3 Nb7 15. Bc1 Rfe8 16. Nh4 Rad8 17. Nf5 Nc5 18. Ba3 Bf8 19. Rad1 Ne6 20. Bc1 Rxd1 21. Rxd1 Rd8 22. Rxd8 Qxd8 23. Qd2 Qxd2 24. Bxd2 Bc5 25. Ne3 Kf8 26. f3 Ke7 27. Kf1 g6 28. Ke2 Bxe3 29. Bxe3 Nd7 30. Bh3 Ndc5 31. Bxe6 Nxe6 32. Kd3 g5 33. h3 h5 34. h4 f6 35. a3 Kd6 36. Bc1 gxh4 37. gxh4 Nf8 38. Be3 Ng6 39. Bf2 Nf4+ 40. Kd2 Ng6 41. Kd3 Nf4+ 42. Kd2 Kc7 43. Bg3 Ng6 44. Ke3 Kd6 45. f4 exf4+ 46. Bxf4+ Kc5 47. Bc7 Kxc4 48. Bd8 Kxc3 49. Bxf6+ Kc4 50. Kd2 Nf8 51. Ke3 Ne6 0-1

[Event "Ulm/Neu Ulm-ch"]
[Site "Ulm/Neu Ulm"]
[Date "2005.??.??"]
[Round "?"]
[White "Meyer, Roland"]
[Black "Neidlinger, Markus"]
[Result "0-1"]
[WhiteElo "2080"]
[BlackElo "1988"]
[PlyCount "110"]
[EventDate "2005.11.26"]
[EventType "swiss"]
[EventRounds "7"]
[EventCountry "GER"]
[SourceTitle "EXT 2011"]
[Source "ChessBase"]
[SourceDate "2010.11.26"]
[SourceVersion "1"]
[SourceVersionDate "2010.11.26"]
[SourceQuality "1"]

1. d4 g6 2. e4 Bg7 3. Nc3 d6 4. Nf3 Nf6 5. Be3 c6 6. Qd2 Ng4 7. Bg5 Qb6 8. h3 Nf6 9. 0-0-0 h6 10. Be3 a5 11. g4 a4 12. a3 Qa5 13. e5 Nd5 14. Nxd5 Qxd5 15. c4 Qa5 16. Qxa5 Rxa5 17. Bd2 Ra8 18. exd6 exd6 19. Bf4 d5 20. cxd5 cxd5 21. Bb5+ Nc6 22. Ne5 0-0 23. Bxc6 bxc6 24. Nxc6 Be6 25. Kb1 Kh7 26. Be5 f6 27. Bd6 Rfe8 28. Nb4 Rad8 29. Bc5 g5 30. Rhe1 f5 31. f3 f4 32. b3 axb3 33. Kb2 Ra8 34. Rd2 Bd7 35. Rde2 Rxe2+ 36. Rxe2 Bb5 37. Re1 Bc4 38. Kc3 Rc8 39. Nd3 Bb5 40. Kd2 Bxd4 41. Re7+ Kg8 42. Bxd4 Rc2+ 43. Kd1 Bxd3 44. Rg7+ Kf8 45. Rb7 Be2+ 46. Ke1 Bxf3 47. Rxb3 Be4 48. Rb7 f3 49. Rb2 Rc4 50. Rb8+ Kf7 51. Rb7+ Ke8 52. Rb8+ Kd7 53. Rb7+ Kc8 54. Rb4 Rc2 55. Rb2 f2+ 0-1

[Event "Ulm/Neu Ulm-ch"]
[Site "Ulm/Neu Ulm"]
[Date "2005.??.??"]
[Round "?"]
[White "Meyer, Roland"]
[Black "Spaeth, Gerhard"]
[Result "1-0"]
[WhiteElo "2080"]
[BlackElo "1783"]
[PlyCount "63"]
[EventDate "2005.11.26"]
[EventType "swiss"]
[EventRounds "7"]
[EventCountry "GER"]
[SourceTitle "EXT 2011"]
[Source "ChessBase"]
[SourceDate "2010.11.26"]
[SourceVersion "1"]
[SourceVersionDate "2010.11.26"]
[SourceQuality "1"]

1. d4 d5 2. Nf3 Nf6 3. e3 e6 4. Bd3 c5 5. c3 c4 6. Bc2 Be7 7. Nbd2 b5 8. e4 dxe4 9. Nxe4 Bb7 10. Nfg5 Nxe4 11. Nxe4 0-0 12. Qh5 f5 13. Ng5 Bxg5 14. Bxg5 Qe8 15. Qxe8 Rxe8 16. 0-0 Nd7 17. Rfe1 Kf7 18. h4 Nf6 19. f3 Nd5 20. Re5 h6 21. Bd2 Re7 22. Kf2 a5 23. a3 Bc6 24. g4 fxg4 25. fxg4 Kg8 26. Be4 Rf8+ 27. Kg3 Bb7 28. g5 hxg5 29. hxg5 Ref7 30. Rh1 g6 31. Rxe6 Rf2 32. Rxg6+ 1-0

[Event "Ulm/Neu Ulm-ch"]
[Site "Ulm/Neu Ulm"]
[Date "2005.??.??"]
[Round "?"]
[White "Sander, Lucia"]
[Black "Meyer, Roland"]
[Result "1/2-1/2"]
[WhiteElo "1865"]
[BlackElo "2080"]
[PlyCount "86"]
[EventDate "2005.11.26"]
[EventType "swiss"]
[EventRounds "7"]
[EventCountry "GER"]
[SourceTitle "EXT 2011"]
[Source "ChessBase"]
[SourceDate "2010.11.26"]
[SourceVersion "1"]
[SourceVersionDate "2010.11.26"]
[SourceQuality "1"]

1. d4 Nf6 2. Nf3 e6 3. Bf4 b6 4. e3 Bb7 5. Be2 Be7 6. h3 d6 7. c4 Nbd7 8. Nc3 0-0 9. 0-0 Ne4 10. Rc1 f5 11. Nd2 Nxd2 12. Qxd2 Qe8 13. Nb5 Qg6 14. f3 a6 15. Na3 Rad8 16. b4 e5 17. Bh2 Bg5 18. dxe5 dxe5 19. Qc3 c5 20. Nc2 Bf6 21. Qe1 Be7 22. a3 Qe6 23. Rd1 Rfe8 24. Qc3 Bf6 25. Qb3 Ba8 26. Rd2 cxb4 27. Nxb4 Nc5 28. Qc2 Rxd2 29. Qxd2 Rd8 30. Qc2 g6 31. Rb1 Kg7 32. Bg3 e4 33. Nd5 exf3 34. Bxf3 Bxd5 35. cxd5 Qxe3+ 36. Bf2 Qxa3 37. Rxb6 Ne4 38. Rb7+ Kh6 39. Bxe4 fxe4 40. Qxe4 Qa1+ 41. Be1 Qd4+ 42. Qxd4 Bxd4+ 43. Kf1 Rxd5 1/2-1/2

[Event "Ulm/Neu Ulm-ch"]
[Site "Ulm/Neu Ulm"]
[Date "2004.10.15"]
[Round "3"]
[White "Neidlinger, Markus"]
[Black "Meyer, Roland"]
[Result "0-1"]
[WhiteElo "2000"]
[BlackElo "2101"]
[PlyCount "116"]
[EventDate "2004.09.17"]
[EventType "swiss"]
[EventRounds "7"]
[EventCountry "GER"]
[SourceTitle "EXT 2011"]
[Source "ChessBase"]
[SourceDate "2010.11.26"]
[SourceVersion "1"]
[SourceVersionDate "2010.11.26"]
[SourceQuality "1"]

1. e4 c5 2. Nf3 Nc6 3. d4 cxd4 4. Nxd4 Nf6 5. Nc3 e5 6. Ndb5 d6 7. Nd5 Nxd5 8. exd5 Nb8 9. c4 Be7 10. c5 0-0 11. Be3 f5 12. cxd6 Bxd6 13. Qb3 f4 14. Bd2 a5 15. Rc1 Na6 16. Nxd6 Qxd6 17. Bxa5 Nc5 18. Qb6 Qxb6 19. Bxb6 Na4 20. Bc7 Nxb2 21. Bb5 Bf5 22. 0-0 Bd3 23. Bxd3 Nxd3 24. Rcd1 Rf7 25. d6 Ra3 26. Rb1 Rxa2 27. Rb4 Rd7 28. f3 Re2 29. Rfb1 Kf7 30. Rxb7 Ke6 31. R7b3 Re3 32. Rd1 Nf2 33. Rdb1 Nd1 34. g3 Re1+ 35. Kg2 Ne3+ 36. Kh3 Rxb1 37. Rxb1 g5 38. Rb8 h5 39. Re8+ Kd5 40. gxf4 exf4 41. Bb6 Nc4 42. Bc7 Ne5 43. Rh8 g4+ 44. fxg4 hxg4+ 45. Kg2 Ke4 46. Re8 Kd4 47. Bb6+ Kd5 48. Bc7 Nd3 49. Rf8 Rh7 50. d7 f3+ 51. Kg3 Rxd7 52. Bb6 Ne5 53. Be3 Rh7 54. Bf4 Rh3+ 55. Kf2 Nd3+ 56. Ke3 f2+ 57. Bg3 Rh8 58. Kxd3 Rxf8 0-1

[Event "Ulm/Neu Ulm-ch"]
[Site "Ulm/Neu Ulm"]
[Date "2004.10.01"]
[Round "2"]
[White "Meyer, Roland"]
[Black "Sanna, Giuseppe"]
[Result "1-0"]
[WhiteElo "2101"]
[BlackElo "1520"]
[PlyCount "69"]
[EventDate "2004.09.17"]
[EventType "swiss"]
[EventRounds "7"]
[EventCountry "GER"]
[SourceTitle "EXT 2011"]
[Source "ChessBase"]
[SourceDate "2010.11.26"]
[SourceVersion "1"]
[SourceVersionDate "2010.11.26"]
[SourceQuality "1"]

1. d4 Nf6 2. c4 d6 3. Nc3 c6 4. e4 Nbd7 5. f4 e5 6. fxe5 dxe5 7. d5 Qc7 8. Bd3 Be7 9. Nge2 0-0 10. h3 Re8 11. 0-0 Nf8 12. a3 a5 13. Kh1 Bd7 14. Be3 c5 15. Bc2 b6 16. Ba4 Bd6 17. Ng3 Bxa4 18. Qxa4 N8d7 19. Rf3 Rf8 20. Nb5 Qb8 21. Nf5 Bc7 22. Qc2 Ne8 23. Raf1 f6 24. Qf2 Rf7 25. Qg3 Kh8 26. Qg4 Nf8 27. h4 Qd8 28. h5 Qd7 29. Rg3 Bb8 30. Bh6 Bc7 31. Bxg7+ Nxg7 32. h6 Ng6 33. hxg7+ Rxg7 34. Nxg7 Qxg4 35. Rxg4 1-0

[Event "Boeblingen op 20th"]
[Site "Boeblingen"]
[Date "2003.12.30"]
[Round "8"]
[White "Meyer, Roland"]
[Black "Gaponenko, Inna"]
[Result "0-1"]
[WhiteElo "2114"]
[BlackElo "2409"]
[PlyCount "106"]
[EventDate "2003.12.26"]
[EventType "swiss"]
[EventRounds "9"]
[EventCountry "GER"]
[SourceTitle "CBM 097 Extra"]
[Source "ChessBase"]
[SourceDate "2004.01.13"]
[SourceVersion "1"]
[SourceVersionDate "2004.01.13"]
[SourceQuality "1"]

1. e4 c5 2. Nf3 d6 3. d4 cxd4 4. Nxd4 Nf6 5. Nc3 g6 6. Be3 Bg7 7. f3 0-0 8. Qd2 Nc6 9. Bc4 Bd7 10. 0-0-0 Qa5 11. h4 Ne5 12. Bb3 Rfc8 13. g4 b5 14. h5 b4 15. Nd5 Nxd5 16. Bxd5 Nc4 17. Bxc4 Rxc4 18. Kb1 Qe5 19. hxg6 fxg6 20. Qd3 Rac8 21. f4 Qf6 22. g5 Qf7 23. Rd2 e5 24. fxe5 dxe5 25. Nb3 Bg4 26. Rf1 Qe7 27. Nc5 R4xc5 28. Bxc5 Qxc5 29. Qb3+ Kh8 30. Rg2 Bd7 31. Rh1 Qc4 32. Qe3 Rf8 33. Qe1 Bb5 34. Rd2 Kg8 35. Qh4 Rf1+ 36. Rd1 Rxd1+ 37. Rxd1 Bc6 38. Qf2 Bf8 39. Rf1 Bc5 40. Qf6 Be7 41. Qf2 Bxe4 42. Re1 a5 43. Qa7 Bxc2+ 44. Ka1 Bxg5 45. Qb8+ Kg7 46. Qa7+ Qf7 47. Qc5 b3 48. a4 Bf6 49. Rg1 Bf5 50. Rxg6+ Kxg6 51. Qg1+ Bg4 52. Qb1+ Kg7 53. Qf5 Qc4 0-1

[Event "Boeblingen op 20th"]
[Site "Boeblingen"]
[Date "2003.12.29"]
[Round "6"]
[White "Meyer, Falko"]
[Black "Meyer, Roland"]
[Result "0-1"]
[WhiteElo "2348"]
[BlackElo "2114"]
[PlyCount "82"]
[EventDate "2003.12.26"]
[EventType "swiss"]
[EventRounds "9"]
[EventCountry "GER"]
[SourceTitle "CBM 097 Extra"]
[Source "ChessBase"]
[SourceDate "2004.01.13"]
[SourceVersion "1"]
[SourceVersionDate "2004.01.13"]
[SourceQuality "1"]

1. e4 c5 2. Nf3 Nc6 3. d3 g6 4. g3 Bg7 5. Bg2 e5 6. 0-0 Nge7 7. c3 0-0 8. Nbd2 d5 9. Re1 d4 10. c4 h6 11. a3 a5 12. Rb1 Be6 13. Nb3 b6 14. Na1 Qd7 15. Bd2 Kh7 16. b4 axb4 17. axb4 b5 18. cxb5 Nxb4 19. Bxb4 cxb4 20. Rxb4 Rfb8 21. Qb1 Ra5 22. b6 Qd6 23. Nc2 Rb7 24. Nd2 Ra6 25. Nc4 Bxc4 26. Rxc4 Raxb6 27. Qc1 Nc6 28. Qd2 Rb2 29. Rc1 Nb4 30. Bf1 Na2 31. Ra1 Nc3 32. Kg2 h5 33. Ra8 Qf6 34. Rcc8 Rb1 35. Be2 R7b2 36. Bf3 h4 37. Bg4 h3+ 38. Kxh3 Rg1 39. f4 exf4 40. gxf4 Rxc2 41. Qxc2 Qxf4 0-1